000 00715nam a2200217Ii 4500
003 JO-AjNU
008 230605s9999||||xx |||||||||||||| ||und||
017 _a2004/9/2263
040 _aJO-AjNU
_bara
_erda
_cJO-AjNU
041 _aara
050 1 4 _aPJ7842 .H485 A38 2004
100 3 _aالخطيب، أحمد,
_eauthor
_952845
245 0 0 _aأحوال الكتابة: شعر
250 _aط1
264 3 1 _aعمان: منشورات أمانة عمان الكبرى، 2004
300 _a158ص
336 _atext
_btxt
_2rdacontent
337 _aunmediated
_bn
_2rdamedia
338 _avolume
_bnc
_2rdacarrier
650 4 _aالشعر العربي - الادب العربي - الاردن - القرن 20
_952846
999 _aA23433
_c27001
_d27001